LEADER 00991nam a2200253 4500 001 000000355897 003 CaOOAMICUS 005 20231023150721.0 008 231023s2022 it 000 u ita r 020 $a978-88-929551-1-0 040 $aSeMil$bita 245 00$a6: Articoli in riviste varie (1997-2018) 264 1$aRoma :$bTab,$c2022. 300 $a619 p., 1 p. di ritratto ;$c24 cm 541 0 $aOmaggio mons. Mario Delpini 773 0 $aSecco, Luigi $tDinamica umana della realtà educativa.$dRoma : Tab, 2022.$z978-88-929551-3-4$g6$w()355890 850 $aSeMil 852 $aSeMil$W1$xVenegono$y1$m2Q VI 153$j244165$B247098$CSeMilBibl$Z2$F247098 $81 941 1 $a7 961 $aOmaggio mons. Mario Delpini 996 $6020$a978-88-929551-1-0$9(OLS)http://semarc/number/299172 996 $6245$a6: Articoli in riviste varie (1997-2018)$9(OLS)http://semarc/title/446126 996 $6264$aRoma :$bTab$9(OLS)http://semarc/publisher/59294 LEADER 01096nam a2200241 i 4500 001 000000193171 003 CaOOAMICUS 005 20101014000000.0 008 101014n it u000 u ita u 013 $a171811 040 $aSeMil$bita 100 1 $aGaddi, Giangaleazzo.$0(OLS)http://semarc/name/38968 245 13$aUn Vescovo per i giovani :$bEnrico Montalbetti /$cGiangaleazzo Gaddi. 260 $aTorino-Leumann :$bElle Di Ci,$c199[?] 300 $a406 p. ;$c22 cm. 490 0 $aPer una storia della Pastorale Giovanile in Italia : momenti e figura 500 $aContiene : Bibliografia. 600 14$aMontalbetti, Enrico .$0(OLS)http://semarc/subject/8277 830 0$aPer una storia della Pastorale Giovanile in Italia : momenti e figura.$0(OLS)http://semarc/title/24788 850 $aSeMil 852 $aSeMil$W1$xVenegono$y1$m3J II 211$j143745$B143745$CSeMilBibl$Z2$F155246 $81 996 $6245$aUn Vescovo per i giovani :$bEnrico Montalbetti$9(OLS)http://semarc/title/278471 996 $6260$aTorino-Leumann :$bElle Di Ci$9(OLS)http://semarc/publisher/30113